Antropologická imaginace : cesty za pravěkým uměním /

Hlavní autor: Soukup, Václav, 1957-
Jazyk: Čeština
Vydáno: Červený Kostlec : Pavel Mervart, 2024
Edice: Antropos (Pavel Mervart)
Témata:
Fyzický popis: 503 stran : ilustrace (převážně barevné) ; 24 cm
Language note: Anglické resumé
Knihy
Uloženo v:
LEADER 01840nam a2200505 i 4500
001 nkc20253685570
003 CZ PrNK
005 20251121104417.0
007 ta
008 250516s2024 xr a e f 001 0 cze
015 |a cnb003685570 
020 |a 978-80-7465-654-5  |q (vázáno) 
035 |a (OCoLC)1531363464 
040 |a BOA001  |b cze  |e rda 
041 0 |a cze  |b eng 
072 7 |a 39  |x Kulturní antropologie. Etnologie. Etnografie  |2 Konspekt  |9 1 
080 |a 7.031.1  |2 MRF 
080 |a 159.954.3  |2 MRF 
080 |a 39  |2 MRF 
080 |a (0.062)  |2 MRF 
100 1 |a Soukup, Václav,  |d 1957-  |7 jn20000402254  |4 aut 
245 1 0 |a Antropologická imaginace :  |b cesty za pravěkým uměním /  |c Václav Soukup 
264 1 |a Červený Kostlec :  |b Pavel Mervart,  |c 2024 
300 |a 503 stran :  |b ilustrace (převážně barevné) ;  |c 24 cm 
336 |a text  |b txt  |2 rdacontent 
337 |a bez média  |b n  |2 rdamedia 
338 |a svazek  |b nc  |2 rdacarrier 
490 1 |a Antropos ;  |v svazek 33 
504 |a Obsahuje bibliografii, bibliografické odkazy a rejstřík 
546 |a Anglické resumé 
650 0 7 |a pravěké umění  |7 ph124579  |2 czenas 
650 0 7 |a imaginace  |7 ph121035  |2 czenas 
650 0 7 |a kulturní antropologie  |7 ph122018  |2 czenas 
650 0 9 |a prehistoric art  |2 eczenas 
650 0 9 |a imagery (psychology)  |2 eczenas 
650 0 9 |a cultural anthropology  |2 eczenas 
655 7 |a populárně-naučné publikace  |7 fd131864  |2 czenas 
655 9 |a popular works  |2 eczenas 
830 0 |a Antropos (Pavel Mervart)  |0 s 
910 2 |a BOA001  |b 2-1543.813 
990 |a BK 
995 |a 01 
991 |b 202505  |c NOV 
996 6 |b 2611003868  |c 2-1543.813  |l MZK  |r Sklad / do 1 hodiny  |n 0  |p p.v.  |w 002005565  |u 000010  |a 1  |e BOA001  |j MZK50  |s P 
996 7 |b 2611005791  |c 2-1543.813  |l Vol.výběr  |r VV 0p  |n 1  |p kup  |h 39 SOU  |w 002005565  |u 000020  |a 0  |e BOA001  |j MZK50  |s A